000 00705nam a2200253Ia 4500
001 49677
005 20240114004000.0
007 ta
008 090530s1940 g b000 u u
040 _aCotton College Assam
082 _a891.21
_bC 459 Sa
100 _aChoudhury, Jatindra Bimal .
245 0 _aSanskrit Poetesses, Part-B /
_cJatindra Bimal Choudhury.
_hTextual Documents
250 _a1st ed /
260 _aCalcutta :
_bJatindra Bimal Choudhury ,
_c1940.
300 _a120 p ;
_c21 cm.
653 _aSanskrit literature
653 _aSanskrit literature
653 _aG-Sanskrit
653 _aG-Sanskrit
942 _2ddc
_cBK
999 _c49642
_d49642